Príručka NATO
Gespeichert in:
| Format: | Buch |
|---|---|
| Sprache: | Slowakisch |
| Veröffentlicht: |
Brussels
Office of Information and Press NATO
2001
|
| Schlagworte: | |
| Tags: |
Keine Tags, Fügen Sie das erste Tag hinzu!
|
MARC
| LEADER | 00000nam a2200000 4500 | ||
|---|---|---|---|
| 001 | c139808 | ||
| 005 | 20221124103702.3 | ||
| 020 | |a 92-845-0156-3 | ||
| 041 | 0 | |a slo | |
| 044 | |a SK | ||
| 245 | 1 | 0 | |a Príručka NATO |
| 264 | 1 | |a Brussels |b Office of Information and Press NATO |c 2001 | |
| 300 | |a 576 s. | ||
| 610 | 2 | 0 | |a zbrojenie |
| 610 | 2 | 0 | |a vojenstvo |
| 610 | 2 | 0 | |a konflikty medzinárodné |
| 610 | 2 | 0 | |a zmluvy medzinárodné |
| 610 | 2 | 0 | |a organizácie medzinárodné |
| 610 | 2 | 0 | |a bezpečnosť európska |
| 610 | 2 | 0 | |a vzťahy politické medzinárodné |
| 610 | 2 | 0 | |a obrana štátu |
| 610 | 2 | 0 | |a štruktúra organizačná |
| 610 | 2 | 0 | |a financie |
| 610 | 2 | 0 | |a rozpočty |
| 610 | 2 | 0 | |a manažment |
| 610 | 2 | 0 | |a kontrola |
| 610 | 2 | 0 | |a výskum |
| 610 | 2 | 0 | |a svet |
| 610 | 2 | 0 | |a adresáre |
| 610 | 2 | 0 | |a NATO |